| 000 | 00592nam a22002057a 4500 | ||
|---|---|---|---|
| 008 | 131008b xxu||||| |||| 00| 0 eng d | ||
| 041 | 0 | _aeng | |
| 080 | _a007:658 | ||
| 100 | _aBeer, Stafford | ||
| 245 | 1 | 0 |
_aCybernetics and management / _cStafford Beer |
| 260 |
_aLondon : _bThe English Universities Press LTD ; _c1959 |
||
| 300 |
_a214 f. : _bme il.; _c22 cm. |
||
| 490 | _aManagement science series | ||
| 500 | _aAuthor's preface : f. XI-XV. | ||
| 505 | _aReferences : f. 209-211 | ||
| 505 | _aIndex : f. 212-214 | ||
| 650 | 0 | _aKibernetika | |
| 650 | 0 | _aMenaxhimi | |
| 942 |
_2udc _cBK |
||
| 999 |
_c44 _d44 |
||